000 00714nam a2200205 a 4500
005 20240924063827.0
008 070328s1990 ea r 000 0 spa d
020 _a0823610861
035 _aUPN01000150011
049 _aCG
050 4 _aBF408
_bS5.3
100 1 _aSmith, Gudmund J. W.
245 1 4 _aThe creative process :
_ba functional model based on empirical studies from early childhood to middle age /
_cGudmund J. W. Smith and Ingegerd M. Carlsson.
260 _aConnecticut, E.U.A. :
_bIternational Universities Press,
_cc1990.
300 _a243 p.
440 0 _aPsychological issues ;
_v57
650 4 _aAptitud creadora en niƱos
_9462
700 1 _aCarlsson, Ingegerd M.,
_ecoaut.
905 _aLibro
999 _c122152
_d122152